[Event "7th RTU Open 2017"]
[Site "Riga"]
[Date "2017.08.08"]
[Round "3.14"]
[White "Sreeves, Clement"]
[Black "Ladva, Ottomar"]
[Result "1/2-1/2"]
[WhiteElo "2406"]
[BlackElo "2532"]
[Annotator "TA"]
[PlyCount "153"]
[EventDate "2017.??.??"]
[EventType "swiss"]
[EventCountry "LAT"]
[SourceTitle "playchess.com"]
[Source "ChessBase"]
[SourceQuality "1"]

{[%evp 27,152,0,3,0,8,7,6,7,49,43,39,43,70,0,0,-10,36,47,39,0,292,274,310,259,433,464,491,490,443,470,507,470,435,429,481,467,423,376,312,245,245,245,268,225,561,529,679,675,670,617,579,427,562,534,564,513,458,468,475,518,497,497,581,481,696,695,606,519,692,691,692,686,692,690,671,656,624,594,761,470,916,792,730,468,461,427,437,381,337,0,343,309,320,215,215,208,302,302,301,233,207,110,108,0,7,0,0,0,0,0,0,0,0,0,0,0,0,0,0,0,0,0,0,0,0,0,0]} 1. e4 c5 2. Nf3 e6 3. d4 cxd4 4. Nxd4 Nc6 5. Nc3 Qc7 6. f4 a6 7. Nxc6 Qxc6 8. Bd3 b5 9. Qe2 Bb7 10. Bd2 Bc5 11. O-O-O {B47: Sicilian: Taimanov: 5 Nc3 Qc7 6 f4, 6 g3 and 6 Be2} Ne7 12. a3 O-O 13. Rhf1 f5 14. g4 d5 {[%cal Rd5e4] LiveBook: 3 Games} 15. exd5 exd5 ({Of course not} 15... Nxd5 16. Nxd5 exd5 17. Bxf5 $14) 16. gxf5 Nxf5 {[#]} 17. Qg4 $146 ({Predecessor:} 17. Bxf5 Rxf5 18. Qd3 Rh5 {½-½ (88) Bachmann,A (2598)-Swapnil,S (2438) Dubai 2014}) 17... Bc8 {[%cal Bb7c8,Bc8e6,Be6g4][%mdl 32]} (17... Qg6 $5 {[%cal Rg6g4]} 18. Qh3 Rad8 $11) 18. Rfe1 g6 19. Qg2 Be6 {[#]} 20. Ne4 $1 {[%mdl 512]} Nh4 $11 (20... dxe4 21. Bxe4) 21. Qh1 Bg4 22. Nxc5 {Be2 is the strong threat.} Bxd1 23. Ne6 Rfe8 $2 {[%mdl 8192]} (23... Bf3 $1 $11 24. Qf1 Be4 25. Nxf8 Rxf8) 24. Nd4 $18 Rxe1 25. Qxe1 (25. Nxc6 $2 {loses.} Rxh1 26. Ba5 Bg4+ 27. Kd2 Rxh2+ 28. Ke3 Nf5+ 29. Bxf5 Re8+ 30. Kd4 Bxf5 $19) 25... Qf6 $2 (25... Nf3 {was worth a try.}) 26. Kxd1 Rf8 27. Qe5 Qxe5 28. fxe5 Rf2 29. h3 Rh2 30. Bf1 Nf5 31. Nxf5 gxf5 32. Bg5 Kf7 33. h4 Ke6 {[#]} 34. Bf6 $1 f4 35. Bd3 f3 $2 (35... h6 36. Bg6 f3) 36. Ke1 h6 37. b4 Rg2 38. Kf1 Rh2 39. Bg6 d4 40. Be4 Re2 41. Bxf3 Rxc2 42. Bg4+ Kf7 43. Bd8 {And now e6+ would win.} Ke8 44. Bb6 d3 {Threatening ...Rc1+.} 45. Ke1 Rh2 (45... Rc4 $142) 46. h5 Rg2 47. Bf5 Re2+ 48. Kd1 Rxe5 49. Bxd3 Kf8 50. Bg6 Kg8 51. Kd2 Rg5 52. Kd3 Rg2 53. Be3 Ra2 (53... Kg7 $142 54. Be4 Ra2) 54. Bc1 Kg7 55. Kc3 Rh2 56. Be3 Rh4 57. Bd4+ Kg8 58. Be3 Kg7 $1 59. Bc5 Rh3+ 60. Kb2 Rh2+ 61. Kc1 Rh1+ (61... Rh3 $142 62. Bd4+ Kf8) 62. Kd2 Rh2+ 63. Kd3 Ra2 64. Bd4+ (64. Bb6 $18) 64... Kg8 $16 65. Be4 ({White should try} 65. Bc3 $16) 65... Rxa3+ $11 {The position is equal.} 66. Bc3 (66. Kc2 $5 {[%cal Re4d5]} a5 67. Bd5+ Kh7 68. bxa5 Rxa5 69. Bf7 $16) 66... a5 $1 {[%cal Ra5b4] White must now prevent ...axb4.} 67. Kc2 ({But not} 67. bxa5 $2 b4 $19) (67. Bd5+ {is more complex.} Kh7 68. Kd4 Rxc3 69. Kxc3 axb4+ 70. Kxb4) 67... Rxc3+ 68. Kxc3 axb4+ {[%mdl 4096] Endgame KB-K3P} 69. Kd4 b3 70. Ke5 Kg7 71. Kf5 b2 72. Bb1 b4 73. Ke6 b3 74. Ke7 Kh8 75. Kf6 Kg8 76. Kg6 Kh8 $1 77. Kf7 $2 {[%mdl 8192] Precision: White = 68%, Black = 53%.} (77. Kf5) 1/2-1/2

[Event "7th RTU Open 2017"]
[Site "Riga"]
[Date "2017.08.08"]
[Round "3.33"]
[White "Nikitenko, Mihail"]
[Black "Kotsur, Pavel"]
[Result "1/2-1/2"]
[WhiteElo "2369"]
[BlackElo "2558"]
[Annotator "TA"]
[PlyCount "185"]
[EventDate "2017.??.??"]
[EventType "swiss"]
[EventCountry "LAT"]
[SourceTitle "playchess.com"]
[Source "ChessBase"]
[SourceQuality "1"]

{[%evp 20,185,0,0,0,1,0,0,0,0,0,0,24,8,108,105,92,104,85,28,95,67,87,53,35,10,14,9,10,18,10,10,19,0,0,6,10,0,0,0,9,-22,-8,-364,-360,-340,-326,-449,-369,-400,-482,-481,-475,-473,-475,-472,-464,-456,-443,-436,-434,-416,-402,-398,-276,-352,-347,-267,-249,-261,-261,-257,-247,-245,-235,-252,-233,-239,-161,-260,-260,-320,-244,-1285,-1467,-994,-832,-1062,-967,-617,-1495,-1529,-1519,-1370,-1446,-1360,-1014,-1377,-597,-483,-436,-457,-1154,-533,-411,-327,-19,-410,-46,-35,-8,-8,0,0,0,0,0,0,0,0,0,0,0,0,0,0,0,0,0,0,0,0,0,0,0,0,0,0,0,0,0,0,0,0,0,0,0,0,0,0,0,0,0,0,0,0,0,0,0,0,0,0,0,0,0,0,0,0]} 1. e4 e6 2. d4 d5 3. Nd2 c5 4. exd5 Qxd5 5. Ngf3 cxd4 6. Bc4 Qd7 {C07: French Tarrasch: 3...c5, 4 Ngf3 and 4 exd5 Qxd5} (6... Qd8 7. O-O Nc6 8. Nb3 a6 9. Nbxd4 Nxd4 10. Nxd4 Qc7 11. Bb3 Bd6 12. Qh5 Nf6 13. Qh4 Bd7 14. Bg5 O-O-O 15. Rad1 h6 16. Bxf6 gxf6 {½-½ (24) Navara,D (2737)-Harikrishna,P (2737) Biel 2017}) 7. O-O Nc6 8. Nb3 Nf6 9. Qe2 a6 10. a4 Bd6 11. Rd1 {LiveBook: 24 Games} e5 12. Nbxd4 Nxd4 13. Rxd4 Qe7 14. Rxd6 Qxd6 {[#]} 15. b3 $146 Be6 16. Ba3 Qc7 (16... Bxc4 $11 {remains equal.} 17. Qxc4 Qd5) 17. Nxe5 O-O-O 18. Bxe6+ $1 fxe6 19. Nc4 (19. Bb2 $16) 19... Qc6 (19... Rhe8 $11) 20. Bb2 Qe4 21. Qxe4 Nxe4 22. Bxg7 (22. f3 $5 {[%cal Rf3e4]} Nd2 23. Bxg7 $14) 22... Rhg8 23. Be5 {[%cal Rc4b6]} b5 24. axb5 axb5 25. Ne3 {Strongly threatening Ra7.} Kb7 $1 26. f3 Nd6 27. Kf2 Nf5 28. Nf1 Rc8 29. c3 Ra8 30. Rxa8 Rxa8 $11 {[%mdl 4096] Endgame KRN-KBN} 31. g4 $2 {[%mdl 8192]} (31. Bf6 $1 $11 {and White is okay.}) 31... Ra2+ $19 32. Ke1 Nh4 33. f4 {and the idea Nd2 leaves White hopeful.} Nf3+ 34. Kd1 Nxe5 35. fxe5 {KR-KN} Kc6 36. Nd2 Kd5 37. Ke2 Kxe5 38. Ke3 Rc2 39. Nf3+ Kd5 40. Kd3 Rc1 41. h4 Rd1+ 42. Ke2 Rh1 43. Ke3 Rb1 44. c4+ Kd6 ({Not} 44... bxc4 45. bxc4+ Kd6 46. h5 $17) 45. Nd2 Rg1 46. Kf4 b4 $1 47. Ne4+ Ke7 48. Nc5 Rh1 49. h5 (49. Nd3 $142) 49... h6 50. Nd3 Rb1 51. Nxb4 $2 (51. Nc5) 51... Rxb3 52. Nc6+ Kf6 $1 53. Ne5 Rb1 54. Nd7+ Ke7 55. Ne5 Rd1 56. Ke4 {[#]} Kf6 $1 57. Nf3 Rf1 58. Ke3 Ra1 (58... e5 $142 59. c5 Rc1) 59. Kd4 Rc1 60. Ne5 {[#]} Rd1+ $1 61. Nd3 Rd2 62. Ke3 Rg2 $2 (62... Ra2 $19 63. Kf4 Ra1) 63. Kf4 $2 {[%mdl 8192]} (63. Nf2 $1 $11) 63... Re2 $2 ({Black should try} 63... Rc2 $19 64. Ne5 Rd2) 64. Nc5 $1 $15 e5+ 65. Kf3 {The position is equal.} Rc2 {And now ...Rc3+ would win.} 66. Ne4+ Ke7 (66... Ke6 $5 {[%cal Rc2c4]} 67. g5 hxg5 68. Nxg5+ Kf5 $19) 67. c5 Rc4 68. g5 hxg5 {[%cal Bh6g5,Bg5g4][%mdl 32] ...g4+! is the strong threat.} 69. h6 g4+ 70. Kg3 Kf8 ({Wrong is} 70... Rxe4 $2 71. h7 $18) 71. Nf6 Kf7 72. Nd7 Kg8 73. Nxe5 Rxc5 74. Nxg4 Kh7 75. Kf4 Kg6 76. Ne5+ Kxh6 77. Kf5 Ra5 78. Kf6 Ra6+ 79. Kf5 Kg7 80. Ng4 Ra1 81. Ne5 Rf1+ 82. Ke6 Rf4 83. Nd3 Rf6+ 84. Ke5 Kf7 85. Nf4 Rh6 86. Kf5 Rh1 87. Ke5 Ra1 88. Kd6 Re1 89. Nd5 Re4 90. Nc3 Re6+ 91. Kd5 Ke7 92. Ne4 Rh6 93. Ke5 {Precision: White = 51%, Black = 72%.} 1/2-1/2

[Event "7th RTU Open 2017"]
[Site "Riga"]
[Date "2017.08.09"]
[Round "4"]
[White "Sasikiran, Krishnan"]
[Black "Lugovskoy, Maxim"]
[Result "1/2-1/2"]
[WhiteElo "2688"]
[BlackElo "2440"]
[Annotator "TA"]
[PlyCount "46"]
[EventDate "2017.??.??"]
[EventType "swiss"]
[EventCountry "LAT"]
[SourceTitle "playchess.com"]
[Source "ChessBase"]
[SourceQuality "1"]

{[%evp 19,46,-7,-2,-16,25,16,22,0,0,0,0,-5,-2,-22,-16,-19,0,0,0,12,59,0,27,-53,0,-72,-73,-66,-38]} 1. e4 e6 2. d3 d5 3. Nd2 Nf6 4. Ngf3 b6 5. c3 Be7 6. Be2 O-O 7. O-O c5 8. e5 {C00: French: Unusual White 2nd moves} (8. Re1 Qc7 9. Bf1 Nc6 10. a3 a5 11. a4 Ba6 12. Qc2 Rac8 13. exd5 exd5 14. Nb1 Bd6 15. Na3 Ng4 {½-½ (59) Orlov,A (2535)-Bluebaum,M (2513) Dortmund 2013}) 8... Nfd7 9. d4 Ba6 10. Bxa6 Nxa6 {[%cal Bb8a6,Ba6c5,Bc5e4][%mdl 32] LiveBook: 3 Games} 11. Re1 (11. Qe2 $5 {[%cal Re2a6]} Qc8 12. b3 $11) 11... cxd4 12. Nxd4 $146 ({Find the theoretical novelty and annotate with similar games:} 12. cxd4 Rc8 13. a3 Qc7 14. Qe2 Nab8 15. Nf1 {0-1 (36) Jensen,I (1986)-Stojanovski,S (2191) Helsingor 2012}) 12... Nac5 13. N2b3 Qc7 14. Bf4 Rfe8 15. Re3 Nf8 16. Qh5 Ng6 $36 {[%mdl 2048] Black has some pressure.} 17. Bg3 Ne4 18. f3 Nxg3 19. hxg3 b5 {[%cal Bb6b5,Bb5b4][%mdl 32]} 20. f4 ({White should try} 20. Nxb5 $14 Qb6 21. N5d4) 20... a5 21. Rf1 (21. Nxb5 $11 Qb6 22. N3d4) 21... a4 (21... b4 $15) 22. Nc1 (22. Nxb5 $11 {keeps the balance.} Qd7 23. N3d4) 22... b4 $17 23. Nce2 a3 {Precision: White = 19%, Black = 38%.} 1/2-1/2

[Event "7th RTU Open 2017"]
[Site "Riga"]
[Date "2017.08.09"]
[Round "4"]
[White "Shirov, Alexei"]
[Black "Vovk, Ilja"]
[Result "1-0"]
[WhiteElo "2648"]
[BlackElo "2307"]
[Annotator "TA"]
[PlyCount "75"]
[EventDate "2017.??.??"]
[EventType "swiss"]
[EventCountry "LAT"]
[SourceTitle "playchess.com"]
[Source "ChessBase"]
[SourceQuality "1"]

{[%evp 9,75,0,20,23,24,32,69,49,69,57,128,129,129,129,131,123,161,141,160,157,157,121,121,120,151,145,171,178,173,175,232,219,212,177,179,166,164,158,187,134,293,296,277,202,301,310,293,295,290,160,474,508,497,479,600,605,672,487,475,464,594,464,444,428,503,491,840,751]} 1. e4 c6 {[%cal Bc7c6,Bc6c5][%mdl 32]} 2. d4 d5 3. e5 c5 4. Ne2 Nc6 5. c3 a6 (5... Bg4 6. h3 Bxe2 7. Bxe2 e6 8. O-O Qb6 9. dxc5 Bxc5 10. b4 Be7 11. Be3 Qc7 12. f4 Nh6 13. Na3 {½-½ (44) Vachier Lagrave,M (2796)-Anand,V (2786) Stavanger 2017}) 6. f4 $146 {B12: Caro-Kann: Advance Variation} ({Predecessor:} 6. Be3 Nh6 7. Bxh6 gxh6 8. a3 Bg4 9. f3 Bh5 10. b4 cxd4 11. cxd4 e6 12. Nbc3 f6 13. Ng3 {½-½ (45) Fernandez Cardoso,A (2445)-Macieja,B (2529) Leon 2017}) 6... Nh6 7. dxc5 Nf5 8. Ng3 {White is slightly better.} h5 9. Bd3 g6 (9... Nxg3 $14 10. hxg3 Bg4) 10. Nxf5 $16 Bxf5 11. Bxf5 gxf5 12. Be3 Qd7 13. Nd2 Bg7 14. Nf3 f6 15. Bd4 fxe5 16. fxe5 Nxd4 17. cxd4 Qb5 18. Qc2 Bh6 19. a4 Qb4+ (19... Qd7 {was called for.} 20. b4 e6) 20. Qc3 $18 a5 21. Qxb4 axb4 22. a5 Kd7 23. Ra4 Kc6 {[#]} 24. Rxb4 (24. Ke2 $1 $18) 24... Rxa5 $2 (24... b5 $16 25. e6 Rxa5 26. Ne5+ Kc7) 25. Rb6+ Kc7 26. Kf2 Ra6 (26... h4 {keeps fighting.} 27. Rd1 (27. Nxh4 Be3+ 28. Kxe3 Rxh4 $16) 27... h3 28. gxh3 Bf4) 27. Rxa6 bxa6 {[%mdl 4096] Endgame KRB-KRN} 28. Ra1 Rb8 29. Kg3 ({Better is} 29. Rxa6 $18 Bf4 30. Nh4) 29... Rxb2 $2 {[#]} (29... Rg8+ $16 30. Kh3 Kb7) 30. Rxa6 {White is clearly winning.} Be3 31. Ra7+ Kd8 32. e6 Re2 33. Rd7+ Ke8 34. Rxd5 Bf2+ 35. Kh3 Rxe6 36. Rxf5 Re4 37. c6 {[%cal Bc5c6,Bc6c7][%mdl 32]} Bxd4 (37... Kd8 $142 38. d5 Kc7 39. Rxh5 Kd6) 38. c7 {Precision: White = 90%, Black = 22%.} 1-0

[Event "7th RTU Open 2017"]
[Site "Riga"]
[Date "2017.08.09"]
[Round "4"]
[White "Smirin, Ilia"]
[Black "Fedorovsky, Michael"]
[Result "1/2-1/2"]
[WhiteElo "2634"]
[BlackElo "2467"]
[Annotator "TA"]
[PlyCount "63"]
[EventDate "2017.??.??"]
[EventType "swiss"]
[EventCountry "LAT"]
[SourceTitle "playchess.com"]
[Source "ChessBase"]
[SourceQuality "1"]

{[%evp 22,63,13,9,9,9,57,38,35,34,40,32,30,19,29,14,17,0,26,-33,-27,-28,-20,-47,-33,-72,-27,-33,-23,-27,-27,-29,-16,-18,-5,-8,0,-28,0,-18,9,-22,0,-10]} 1. e4 c5 2. Nf3 d6 3. d4 cxd4 4. Nxd4 Nf6 5. Nc3 g6 6. Be3 Bg7 7. Be2 O-O 8. Qd2 Nc6 9. O-O-O Ng4 10. Bxg4 Bxg4 11. f3 Bd7 12. h4 Ne5 {With the idea ...Nc4. B72: Sicilian Dragon: 6 Be3, lines with h3+Bc4 and sidelines} 13. b3 Qa5 14. Kb1 Rfe8 {White is slightly better.} 15. Nd5 Qxd2 16. Rxd2 {Black must now prevent Nc7.} Rac8 17. Ne2 b6 {[%cal Bb7b6,Bb6b5][%mdl 32] [#]} 18. Bd4 $146 ({Predecessor:} 18. h5 f5 19. Bg5 Bf8 20. hxg6 hxg6 21. exf5 Bxf5 {½-½ (67) Yu,Y (2615)-Motylev,A (2677) Beijing 2012}) 18... h5 19. Rf1 Bc6 (19... Bh6 $5 {[%cal Rh6d2]} 20. Be3 Bg7 $11) 20. Bb2 (20. a4 $11) 20... b5 $15 21. Re1 a6 22. Nd4 Bb7 (22... Bxd5 $5 23. exd5 Rc5 $11) 23. Rdd1 Rc5 (23... Bxd5 $5 24. exd5 Rc5 $15) 24. Ne3 Rc7 25. Ne2 {[%cal Bd4e2,Be2f4,Bf4d5][%mdl 32]} Rec8 26. Nf4 Kf8 27. Re2 Re8 28. Nfd5 Rcc8 (28... Bxd5 $5 29. Nxd5 Rcc8 $11) 29. Ba3 Kg8 30. Bb2 {The position is equal.} Kf8 31. Rf2 Kg8 32. Re2 {Precision: White = 41%, Black = 39%.} 1/2-1/2

[Event "7th RTU Open 2017"]
[Site "Riga"]
[Date "2017.08.09"]
[Round "4"]
[White "Onischuk, Vladimir"]
[Black "Hambleton, Aman"]
[Result "1-0"]
[WhiteElo "2610"]
[BlackElo "2461"]
[Annotator "TA"]
[PlyCount "43"]
[EventDate "2017.??.??"]
[EventType "swiss"]
[EventCountry "LAT"]
[SourceTitle "playchess.com"]
[Source "ChessBase"]
[SourceQuality "1"]

{[%evp 14,43,19,19,19,10,22,23,22,0,0,0,0,0,0,0,80,59,164,175,252,217,271,263,271,245,390,342,500,471,483,475]} 1. e4 e6 2. d4 d5 3. Nc3 Bb4 4. exd5 exd5 5. Bd3 Nc6 6. a3 Bxc3+ 7. bxc3 Nf6 8. Ne2 O-O {C01: French: Exchange Variation} 9. O-O Bg4 10. f3 Bh5 {White has an edge.} 11. Ng3 Bg6 12. f4 {[#] f5 is the strong threat.} Bxd3 13. cxd3 Re8 $146 ({Predecessor:} 13... Ne7 14. f5 Kh8 15. Bf4 Neg8 16. Be5 {1-0 (40) Pablo Marin,A (2434)-Campos Moreno,J (2475) Mondariz 2002}) 14. f5 b5 (14... Nb8 $11) 15. Qb3 Qd7 (15... Nb8 $14) 16. Bg5 $18 Ng4 (16... Kh8 $142 17. Bxf6 (17. Qxb5 Ng4 $16) 17... gxf6 18. Qxb5 Qd6) 17. Rf4 ({Less strong is} 17. Qxb5 h6 $16) 17... Ne3 18. Rf3 Na5 19. Qb2 Ng4 (19... Nec4 $142 20. dxc4 Nxc4) 20. h3 h6 (20... f6 {was called for.} 21. Bf4 (21. hxg4 fxg5 22. f6 Rf8 $18) 21... Nh6 22. Bxh6 gxh6) 21. Bh4 Ne3 22. Qf2 {Precision: White = 86%, Black = 35%.} 1-0

[Event "7th RTU Open 2017"]
[Site "Riga"]
[Date "2017.08.09"]
[Round "4"]
[White "Ovsejevitsch, Sergei"]
[Black "Lanka, Zigurds"]
[Result "1/2-1/2"]
[WhiteElo "2596"]
[BlackElo "2434"]
[Annotator "TA"]
[PlyCount "54"]
[EventDate "2017.??.??"]
[EventType "swiss"]
[EventCountry "LAT"]
[SourceTitle "playchess.com"]
[Source "ChessBase"]
[SourceQuality "1"]

{[%evp 18,54,19,0,1,0,0,0,0,0,0,0,0,0,-12,-11,0,0,0,-7,0,-15,0,-3,-7,-6,0,-17,-9,-7,-7,-6,0,0,0,0,0,0,0]} 1. d4 Nf6 2. c4 e6 3. Nf3 Bb4+ 4. Nbd2 b6 5. g3 c5 6. Bg2 Bb7 7. a3 Bxd2+ 8. Qxd2 cxd4 {E16: Queen's Indian: 4 g3 Bb7 5 Bg2 Bb4+} 9. Qxd4 (9. O-O Bxf3 10. exf3 Nc6 11. f4 O-O 12. b4 Rc8 13. Bb2 d6 14. Bxc6 Rxc6 15. Qxd4 Qc7 16. Rfc1 Rc8 17. b5 Rc5 18. a4 Ne8 19. Qe3 Qb7 20. Qd3 Qc7 21. Qe3 Qb7 22. Qd3 Qc7 23. Qe3 {½-½ (23) Wei,Y (2696)-Karjakin,S (2773) Bilbao 2016}) 9... Nc6 10. Qh4 {LiveBook: 7 Games. The position is equal.} Na5 {[#] aiming for ...Nb3.} 11. Bg5 Rc8 12. Rc1 $1 h6 13. O-O Rg8 $146 ({Predecessor:} 13... O-O 14. Bd2 Nb3 15. Rcd1 Nxd2 16. Rxd2 {½-½ (66) Stefanova,A (2524)-Kosteniuk,A (2497) Rostov on Don 2011}) 14. Bxf6 Qxf6 15. Qxf6 gxf6 16. Nd2 Bxg2 17. Kxg2 Ke7 18. e4 h5 19. Kh3 Rc7 20. Rc3 Nb7 21. Rfc1 a5 22. b3 Rgc8 23. Kh4 Nd6 24. b4 axb4 25. axb4 Nb5 26. Rd3 Nd6 27. Rdc3 Nb5 {Precision: White = 59%, Black = 65%.} 1/2-1/2

[Event "7th RTU Open 2017"]
[Site "Riga"]
[Date "2017.08.09"]
[Round "4"]
[White "Kovchan, Alexander"]
[Black "Nesteretz, Anatoliy"]
[Result "1-0"]
[WhiteElo "2587"]
[BlackElo "2375"]
[Annotator "TA"]
[PlyCount "77"]
[EventDate "2017.??.??"]
[EventType "swiss"]
[EventCountry "LAT"]
[SourceTitle "playchess.com"]
[Source "ChessBase"]
[SourceQuality "1"]

{[%evp 28,77,-32,-31,26,17,21,0,62,50,93,74,91,41,107,100,129,106,164,174,143,170,128,131,222,223,304,241,222,183,266,273,290,281,643,332,346,323,339,278,278,270,318,324,314,301,406,382,544,540,731,29]} 1. e4 e6 2. d4 d5 3. Nc3 Bb4 4. e5 c5 5. a3 Bxc3+ 6. bxc3 Qc7 7. Nf3 Ne7 8. a4 b6 9. Bb5+ Bd7 10. Bd3 Nbc6 11. O-O h6 12. Re1 O-O 13. Bf4 Ng6 {C19: French: 3 Nc3 Bb4: Main line: 7 Nf3 and 7 a4} 14. Bg3 cxd4 15. Nxd4 {LiveBook: 6 Games} Nxd4 (15... Na5 $15) 16. cxd4 $11 Qc3 $146 ({Predecessor:} 16... Qd8 17. Re3 Rc8 18. Qd2 a5 19. c3 Qe7 20. Bc2 Rc4 21. f4 {1-0 (60) Zontakh,A (2550)-Skomorokhin,R (2450) St Petersburg 1996}) 17. h4 Ne7 (17... Qxd4 $2 18. h5 $18) ({Black should play} 17... Kh8 $11) 18. Re3 $1 $14 Kh8 19. Bf1 Qc7 20. Bh2 Nf5 {[#]} (20... Rab8 $14) 21. Rh3 $1 $16 Qd8 22. h5 f6 (22... Ne7 $16) 23. Qd2 $18 Kg8 24. Raa3 fxe5 25. Bxe5 Be8 (25... Qg5 $16 {was worth a try.} 26. Qxg5 hxg5) 26. Bd3 a5 27. Bxf5 Rxf5 28. Rag3 $40 {[%mdl 128] [#] White threatens Qxh6 and mate. White has strong attack.} Rxe5 (28... Rg5 {was necessary.} 29. f4 Rxe5 30. fxe5 Kh8) 29. dxe5 {Strongly threatening Qxh6.} Kh8 30. Qd4 Rc8 $2 (30... Qc7 31. Rf3 Bf7) 31. Rc3 Rxc3 32. Rxc3 Bxh5 {[%mdl 4096] Endgame KQR-KQB} 33. Rb3 Qg5 34. Qe3 ({Don't play} 34. Qxb6 $6 Qc1+ 35. Kh2 Qxc2 $18) (34. Rxb6 Bf3 $16) 34... Qg4 35. Rxb6 ({Not} 35. Qxb6 Kh7 $18) 35... Bg6 36. f3 Qxa4 37. Rxe6 d4 (37... Kh7 {keeps fighting.} 38. c3 Qd1+ 39. Kh2 Qd3) 38. Qf4 {Threatening mate with Qf8+.} Qxc2 39. Qf8+ {[%mdl 32768] Precision: White = 77%, Black = 28%. . Loss on Time!?} 1-0

[Event "7th RTU Open 2017"]
[Site "Riga"]
[Date "2017.08.09"]
[Round "4"]
[White "Alekseenko, Kirill"]
[Black "Popov, Mikhail"]
[Result "1-0"]
[WhiteElo "2575"]
[BlackElo "2422"]
[Annotator "TA"]
[PlyCount "71"]
[EventDate "2017.??.??"]
[EventType "swiss"]
[EventCountry "LAT"]
[SourceTitle "playchess.com"]
[Source "ChessBase"]
[SourceQuality "1"]

{[%evp 9,71,-14,-3,-5,8,8,6,10,11,4,28,20,25,20,24,31,29,27,37,32,156,101,322,298,319,318,314,308,350,304,527,514,527,518,491,359,355,354,336,344,348,366,345,344,343,346,401,365,472,383,392,310,376,261,589,599,598,606,661,653,832,831,1047,1037]} 1. d4 Nf6 2. Nc3 d5 3. Bf4 e6 4. Nb5 Na6 5. e3 c6 6. Nc3 {D00: 1 d4 d5: Unusual lines} Qb6 (6... Bb4 7. Nge2 O-O 8. a3 Bd6 9. Ng3 Nc7 10. Bd3 Re8 11. Bxd6 Qxd6 {0-1 (42) Rapport,R (2717)-Wei,Y (2707) Yancheng 2016}) 7. a3 c5 8. Nf3 {The position is equal.} Bd7 9. Rb1 Nh5 10. Bg5 $146 ({Predecessor:} 10. Be5 f6 11. dxc5 Bxc5 {1-0 (49) Bortnyk,O (2552)-Miedema,D (2352) Schwaebisch Gmuend 2016}) 10... h6 11. Bh4 cxd4 12. Ne5 Nf6 13. exd4 Bd6 14. Bd3 Qxd4 {[#]} (14... Rc8 $14) 15. Bxf6 $40 {[%mdl 128] White wants a kill.} (15. Nxf7 $142 $1 Qxh4 16. Nxd6+ (16. Nxh8 Nc5 $16) 16... Ke7 17. Nxb7) 15... Bc5 $2 (15... Bxe5 $2 16. Ne2 $18) (15... gxf6 $16 16. Nxd7 Nc7) 16. Qh5 $18 {[%csl Ge5][%cal Rh5f7]} (16. Qf3 $6 Qxf2+ 17. Qxf2 Bxf2+ 18. Kxf2 gxf6 $18) 16... Qxf2+ 17. Kd1 {[%csl Ge5][%cal Rh5f7]} Qxf6 18. Rf1 g6 {[#] And now ...Qxf1+! would win.} 19. Nxg6 ({Stronger than} 19. Rxf6 gxh5 20. Nxd7 (20. Rxf7 O-O-O $15) 20... Kxd7 $15) 19... fxg6 $2 (19... Qg7) 20. Bxg6+ (20. Rxf6 $2 {too greedy.} gxh5 21. Kd2 Rg8 $19) 20... Ke7 21. Rxf6 Kxf6 22. Ke2 Raf8 23. b4 Bb6 24. Rf1+ Ke7 25. Qh4+ Kd6 {If Black can now play ...Rxf1 this consolidates a bit.} 26. Rxf8 Rxf8 27. Qxh6 Rf2+ 28. Ke1 Rxg2 29. Ne2 Rf2 30. c3 {[%cal Bc2c3,Bc3d4][%mdl 32]} Nc7 31. h4 {[%cal Bh2h4,Bh4h5][%mdl 32]} Rf3 $2 (31... Rf6 {is a better chance.} 32. h5 Bf2+ 33. Kd1 e5) 32. Nd4 {White is clearly winning.} Bxd4 33. cxd4 Nb5 34. Qh8 Nc3 35. h5 Kc7 36. Qe5+ {Precision: White = 88%, Black = 29%.} 1-0